|
|
|
|
| LEADER |
00000nam0a2200000 4500 |
| 001 |
146779 |
| 005 |
20231031144751.0 |
| 035 |
|
|
|a (RuTPU)RU\TPU\book\159107
|
| 090 |
|
|
|a 146779
|
| 100 |
|
|
|a 20081105d1982 m y0rusy50 ca
|
| 101 |
0 |
|
|a rus
|
| 102 |
|
|
|a RU
|
| 105 |
|
|
|a y z 001zy
|
| 200 |
1 |
|
|a Методология наук в системе вузовского преподавания
|
| 210 |
|
|
|a Воронеж
|c Изд-во Воронежского университета
|d 1982
|
| 215 |
|
|
|a 260 с.
|
| 320 |
|
|
|a Библиография в конце разделов.
|
| 610 |
1 |
|
|a методология
|
| 610 |
1 |
|
|a вузы
|
| 610 |
1 |
|
|a вузовское образование
|
| 610 |
1 |
|
|a преподавание
|
| 610 |
1 |
|
|a сборники
|
| 686 |
|
|
|a А518
|v LBC/SL-A
|2 rubbk
|
| 686 |
|
|
|a Ч481.2
|v LBC/SL-A
|2 rubbk
|
| 801 |
|
1 |
|a RU
|b 63413507
|c 20081105
|g PSBO
|
| 801 |
|
2 |
|a RU
|b 63413507
|c 20090114
|g PSBO
|
| 942 |
|
|
|c BK
|